Countries by Partial Flag-Shape Pictures #2 - Statistics

General Stats
  • This quiz has been taken 111 times
    110 since last reset
  • The average score is 15 of 16
Answer Stats
Picture Answer % Correct
Afghanistan
99%
Cambodia
99%
Croatia
99%
Mongolia
99%
Chad
98%
Greece
98%
Russia
98%
Panama
97%
Zambia
97%
New Zealand
94%
Liberia
93%
Malaysia
93%
Venezuela
93%
Senegal
91%
Dominica
85%
Belgium
38%
No matching quizzes found
Score Distribution
Percent of People with Each Score
Percentile by Number Answered
Your Score History
You have not taken this quiz since the last reset